Lágrimas de cocodrilo / (Registro nro. 4262)
[ vista simple ]
| 000 -LEADER | |
|---|---|
| fixed length control field | 00850nam a2200217Ia 4500 |
| 003 - CONTROL NUMBER IDENTIFIER | |
| control field | OSt |
| 005 - DATE AND TIME OF LATEST TRANSACTION | |
| control field | 20200511124904.0 |
| 008 - FIXED-LENGTH DATA ELEMENTS--GENERAL INFORMATION | |
| fixed length control field | 191128s2016 sp a br 000 j spa d |
| 020 ## - INTERNATIONAL STANDARD BOOK NUMBER | |
| International Standard Book Number | 9788426399014 |
| 040 ## - CATALOGING SOURCE | |
| Original cataloging agency | CO-JMCR |
| Transcribing agency | CO-JMCR |
| 082 04 - DEWEY DECIMAL CLASSIFICATION NUMBER | |
| Classification number | C / |
| Item number | MOLl |
| 100 ## - MAIN ENTRY--PERSONAL NAME | |
| Personal name | Molist, Pep, |
| Relator term | autor |
| 9 (RLIN) | 4185 |
| 245 10 - TITLE STATEMENT | |
| Title | Lágrimas de cocodrilo / |
| Statement of responsibility, etc. | Pep Molist; ilustración Emilio Urberuaga; traducción Pere Pla |
| 260 ## - PUBLICATION, DISTRIBUTION, ETC. | |
| Place of publication, distribution, etc. | España : |
| Name of publisher, distributor, etc. | Edel vives, |
| Date of publication, distribution, etc. | 2016 |
| 300 ## - PHYSICAL DESCRIPTION | |
| Extent | 43 páginas : |
| Other physical details | ilustraciones a color ; |
| Dimensions | 20 cm. |
| 490 0# - SERIES STATEMENT | |
| Series statement | Ala Delta |
| 520 ## - SUMMARY, ETC. | |
| Summary, etc. | A Cocolicot, su mamá su papá y su hermana Coconuta le recordaban constantemente que los cocodrilos son valientes y seguros y que los cocodrilos son valientes y seguros y que nunca lloran. |
| 521 ## - TARGET AUDIENCE NOTE | |
| Target audience note | Recomendado a partir de 5 años. |
| 650 ## - SUBJECT ADDED ENTRY--TOPICAL TERM | |
| Topical term or geographic name entry element | Cuentos infantiles |
| 9 (RLIN) | 4186 |
| 942 ## - ADDED ENTRY ELEMENTS (KOHA) | |
| Source of classification or shelving scheme | Dewey Decimal Classification |
| Koha item type | Books |
| Withdrawn status | Lost status | Source of classification or shelving scheme | Damaged status | Not for loan | Collection code | Home library | Current library | Date acquired | Source of acquisition | Cost, normal purchase price | Total Checkouts | Full call number | Barcode | Date last seen | Date last checked out | Copy number | Koha item type |
|---|---|---|---|---|---|---|---|---|---|---|---|---|---|---|---|---|---|
| Dewey Decimal Classification | Fiction | Biblioteca Pública José María del Castillo y Rada | Biblioteca Pública José María del Castillo y Rada | 11/28/2019 | Donación | 0.00 | 3 | C / MOLl | 201809093 | 11/24/2025 | 11/24/2025 | Ej.1 | Books |